[Event "St Petersburg Korchnoi Memorial op"]
[Site "St Petersburg"]
[Date "2023.08.19"]
[Round "2"]
[White "Krasin, Boris Vsev"]
[Black "Zhukov, Konstantin"]
[Result "1-0"]
[WhiteElo "1405"]
[BlackElo "1743"]
[PlyCount "87"]
[EventDate "2023.08.18"]
[EventType "swiss"]
[EventRounds "9"]
[EventCountry "RUS"]
[SourceTitle "EXT 2024"]
[Source "ChessBase"]
[SourceDate "2023.10.10"]
[SourceVersion "1"]
[SourceVersionDate "2023.10.10"]
[SourceQuality "1"]

1. e4 e6 2. d4 d5 3. Nc3 Nf6 4. Bg5 Be7 5. e5 Nfd7 6. Bxe7 Qxe7 7. f4 0-0 8. Nf3 a6 9. Bd3 f6 10. h4 f5 11. Ne2 c5 12. c3 Nc6 13. Kf2 b5 14. h5 Bb7 15. Qg1 b4 16. g4 bxc3 17. bxc3 cxd4 18. cxd4 Nb4 19. Bb1 Rac8 20. a3 Nc2 21. Ra2 Nxa3 22. Bd3 Nc4 23. gxf5 exf5 24. Qb1 Rb8 25. Bxf5 Bc8 26. Bxh7+ Kh8 27. Qg6 Ndxe5 28. dxe5 Bf5 29. Qxf5 Rxf5 30. Bxf5 Qc5+ 31. Kg3 Rb3 32. Nc1 Rb6 33. Nd3 Qf8 34. Nh4 Kg8 35. Ng6 Qe8 36. Re1 d4 37. Be4 Ne3 38. f5 Qf7 39. e6 Qe8 40. Rc1 Rb8 41. Rxa6 Rd8 42. Ra7 Rb8 43. Rcc7 Nf1+ 44. Kf4 1-0

[Event "Wch U10 blitz"]
[Site "Batumi"]
[Date "2023.06.11"]
[Round "10"]
[White "Krasin, Boris Vsev"]
[Black "Keerthi Kumar, Advait"]
[Result "0-1"]
[WhiteElo "1507"]
[BlackElo "1536"]
[PlyCount "180"]
[EventDate "2023.06.10"]
[EventType "swiss (blitz)"]
[EventRounds "11"]
[EventCountry "GEO"]
[SourceTitle "EXT 2024"]
[Source "ChessBase"]
[SourceDate "2023.10.10"]
[SourceVersion "1"]
[SourceVersionDate "2023.10.10"]
[SourceQuality "1"]
[WhiteTeam "Russia"]
[BlackTeam "England"]
[WhiteTeamCountry "RUS"]
[BlackTeamCountry "ENG"]

1. d4 Nf6 2. Nc3 g6 3. e4 d6 4. f4 Bg7 5. Nf3 Nbd7 6. e5 Ng8 7. Be3 Nh6 8. Bd3 0-0 9. h3 c5 10. dxc5 Nxc5 11. Bxc5 dxc5 12. Qe2 Nf5 13. Qf2 Nd4 14. 0-0-0 a6 15. Be4 e6 16. Ne2 Rb8 17. Nexd4 cxd4 18. Nxd4 Qc7 19. Nf3 b5 20. Rd6 Bb7 21. Bxb7 Qxb7 22. Rhd1 b4 23. Rd7 Qb5 24. Kb1 a5 25. Qa7 Ra8 26. Qb7 Qxb7 27. Rxb7 Rfd8 28. Rdd7 h6 29. Kc1 Rxd7 30. Rxd7 Bf8 31. Kd2 a4 32. Nd4 Rc8 33. c3 a3 34. bxa3 bxc3+ 35. Kc2 Bxa3 36. Nb5 Bf8 37. Nxc3 Rc4 38. g3 h5 39. Kd3 Rb4 40. a4 h4 41. gxh4 Rb3 42. a5 Ra3 43. Ra7 Bb4 44. Rc7 Bxa5 45. Rc4 Kg7 46. Kc2 Bxc3 47. Rxc3 Ra2+ 48. Kd1 Rf2 49. Rc4 Rf3 50. Ke2 Rxh3 51. Kf2 Rxh4 52. Kg3 Rh1 53. Kg2 Ra1 54. Kf3 Rd1 55. Rc7 Rd5 56. Kg4 Rd1 57. Kf3 Rg1 58. Kf2 Rg4 59. Kf3 Rh4 60. Kg3 Rh8 61. Kf3 Rf8 62. Kg4 Kh6 63. Kh4 Kg7 64. Kg5 Rh8 65. Kg4 Rh5 66. Rd7 Rf5 67. Rc7 g5 68. fxg5 Rxe5 69. Kf4 Rf5+ 70. Kg4 Kg6 71. Rc8 Rxg5+ 72. Kh4 Kf6 73. Rc7 Rf5 74. Kg4 Rf1 75. Rc6 Rg1+ 76. Kf4 Ra1 77. Rc4 e5+ 78. Kg4 Ra6 79. Re4 Ke6 80. Kg5 Kd5 81. Re2 e4 82. Kf4 Rf6+ 83. Kg5 Rf1 84. Kg4 Kd4 85. Kg3 e3 86. Kg2 Rf6 87. Kg3 Kd3 88. Rh2 e2 89. Rh1 Kd2 90. Rh2 Kd1 0-1

[Event "Wch U10 blitz"]
[Site "Batumi"]
[Date "2023.06.10"]
[Round "3"]
[White "Krasin, Boris Vsev"]
[Black "Tsulaia, Giorgi1111"]
[Result "0-1"]
[WhiteElo "1507"]
[BlackElo "1226"]
[PlyCount "70"]
[EventDate "2023.06.10"]
[EventType "swiss (blitz)"]
[EventRounds "11"]
[EventCountry "GEO"]
[SourceTitle "EXT 2024"]
[Source "ChessBase"]
[SourceDate "2023.10.10"]
[SourceVersion "1"]
[SourceVersionDate "2023.10.10"]
[SourceQuality "1"]
[WhiteTeam "Russia"]
[BlackTeam "Georgia"]
[WhiteTeamCountry "RUS"]
[BlackTeamCountry "GEO"]

1. d4 Nf6 2. Nc3 d5 3. Bf4 c5 4. e3 e6 5. Nf3 a6 6. Be2 Nc6 7. 0-0 Be7 8. Qd2 Bd7 9. Ne5 Nxe5 10. dxe5 Ne4 11. Nxe4 dxe4 12. Rfd1 Bc6 13. Qc3 Qb6 14. a4 0-0 15. a5 Qb4 16. Qxb4 cxb4 17. f3 Rfd8 18. Kf2 h5 19. Rac1 g5 20. fxe4 gxf4 21. exf4 Bxe4 22. Bxh5 Rxd1 23. Rxd1 Rd8 24. Rc1 Bc5+ 25. Ke2 Be7 26. Ke3 Bc6 27. g3 Bc5+ 28. Ke2 Bb5+ 29. Ke1 Be3 30. Rb1 Rd2 31. Bf3 Rxc2 32. Bxb7 Rxh2 33. Bf3 Rf2 34. Kd1 Rxf3 35. Kc2 Rf2+ 0-1

[Event "Wch U10"]
[Site "Batumi"]
[Date "2022.09.23"]
[Round "7"]
[White "Oybekov, Ozodbekjon"]
[Black "Krasin, Boris Vsev"]
[Result "1-0"]
[WhiteElo "1078"]
[BlackElo "1296"]
[PlyCount "89"]
[EventDate "2022.09.16"]
[EventType "swiss"]
[EventRounds "11"]
[EventCountry "GEO"]
[SourceTitle "EXT 2023"]
[Source "ChessBase"]
[SourceDate "2022.10.05"]
[SourceVersion "1"]
[SourceVersionDate "2022.10.05"]
[SourceQuality "1"]

1. d4 Nf6 2. c4 b6 3. Nc3 Bb7 4. Bg5 e6 5. e4 Be7 6. Bd3 c5 7. Nf3 Nc6 8. d5 Nd4 9. Be3 Nxf3+ 10. Qxf3 Qc7 11. Nb5 Qb8 12. Bf4 e5 13. Be3 d6 14. Qg3 Bc8 15. f4 Nh5 16. Qf3 Nxf4 17. Bxf4 exf4 18. Qxf4 a6 19. Nc3 Bf6 20. 0-0 Qc7 21. Rae1 0-0 22. Qg3 Qe7 23. Qf3 Bd7 24. Qh5 Be5 25. Nd1 b5 26. b3 b4 27. Ne3 a5 28. Nf5 Qf6 29. Rf3 g6 30. Qg4 h5 31. Nh6+ Kg7 32. Qxd7 Rad8 33. Qh3 Qg5 34. Nf5+ gxf5 35. Rxf5 Qd2 36. Ref1 Qxa2 37. Qxh5 f6 38. Qg4+ Kf7 39. Rh5 Rg8 40. Qe6+ Kf8 41. Rxf6+ Bxf6 42. Qxf6+ Ke8 43. Qe6+ Kf8 44. Rf5+ Kg7 45. Rf7+ 1-0